| 000 | 01106nam a22003497a 4500 | ||
|---|---|---|---|
| 003 | CHAP | ||
| 005 | 20220329141333.0 | ||
| 008 | 971013s1987 r 00010 d | ||
| 010 | _a66599 | ||
| 011 | _a67571 | ||
| 035 | _a77041 | ||
| 040 | _cCHAP | ||
| 082 |
_a595.2 _bV3 1987 |
||
| 100 | 0 | 0 |
_aVázquez García, Leonila. _9120360 |
| 245 | _aZoología del phylum Arthropoda | ||
| 250 | _a6 ed. | ||
| 260 |
_aMéxico : _bNueva Editorial Interamericana, _c1987 |
||
| 300 |
_a381 p. _b: ilus. |
||
| 500 | _a28-214 | ||
| 590 |
_aBATCH-UPD _b10 _c20130109 _lUCH01 _h2327 |
||
| 590 |
_aBATCH-UPD _b10 _c20130110 _lUCH01 _h0326 |
||
| 590 |
_aBATCH-UPD _b10 _c20130110 _lUCH01 _h2108 |
||
| 590 |
_aBATCH-UPD _b10 _c20130409 _lUCH01 _h1852 |
||
| 590 |
_aBATCH-UPD _b10 _c20130409 _lUCH01 _h2359 |
||
| 590 |
_aBATCH-UPD _b10 _c20130914 _lUCH01 _h0415 |
||
| 590 |
_aCONVERSION _b10 _c20130109 _lUCH01 _h1337 |
||
| 650 | 1 | 4 |
_aArtrópodos. _97782 |
| 700 | 0 |
_aVillalobos, Alejandro. _9119453 |
|
| 901 | _aBK | ||
| 942 | _cLIBRO | ||
| 949 |
_a595.2 V3 1987 _bBC _cLIBRO _d33724000733127 _eLIBRO _gI.142939 _h74099 _i77041 _si _t13.80 |
||
| 999 |
_c66599 _d66599 |
||